LEADER 01134nam0 2200337 450 001 000036881 005 20140620092720.0 100 $a20140620d1981----km-y0itaa50------ba 101 0 $aita 102 $aIT 200 1 $aUmberto Eco$fdi Teresa de Lauretis 210 $aFirenze$c<> Nuova Italia$d1981 215 $a111 p.$d17 cm 225 2 $a<> castoro$v179 312 $aTit. sulla cop. e sul dorso: Eco 410 0$12001$a<> castoro$v179 517 1 $aEco 600 1$aEco,$bUmberto 676 $a853.91$v(22. ed.)$9Narrativa italiana. 1900-1999 700 1$ade Lauretis,$bTeresa$0159798 801 0$aIT$bUniversità della Basilicata - B.I.A.$gREICAT$2unimarc 912 $a000036881 996 $aUmberto Eco$9102952 997 $aUNIBAS BAS $aLETTERE CAT $aSTD099$b01$c20140620$lBAS01$h0903 CAT $aSTD099$b01$c20140620$lBAS01$h0917 CAT $aSTD099$b01$c20140620$lBAS01$h0926 CAT $aSTD099$b01$c20140620$lBAS01$h0927 FMT Z30 -1$lBAS01$LBAS01$mBOOK$1BASA1$APolo Storico-Umanistico$2DSLF$BCollezione DiSLF$3DF/E160$6733$5F733$820140620$f04$FPrestabile Didattica LEADER 01274nam--2200385---450- 001 990003042750203316 005 20110906110025.0 010 $a978-84-206-6172-8 035 $a000304275 035 $aUSA01000304275 035 $a(ALEPH)000304275USA01 035 $a000304275 100 $a20080108d2007----km-y0itay50------ba 101 $aspa 102 $aES 105 $a||||||||001yy 200 1 $aGeografia de Iberia$fEstrabon$gtraduccion de Javier Gomez Espelosin$gpresentaciones de Gonzalo Cruz Andreotti, Marco V. Garcia Quintela, Javier Gomez Espelosin 210 $a[Madrid]$cAlianza Editorial$d2007 215 $a556 p.$d18 cm 225 2 $aBiblioteca Tematica$iClasicos de Grecia Y Roma$v8288 410 0$12001$aBiblioteca Tematica$iClasicos de Grecia Y Roma 500 11$aGeographica$913285 700 1$aSTRABO$0169725 702 1$aGOMEZ ESPELOSIN,$bF. Javier 702 1$aCRUZ ANDREOTTI,$bGonzalo 702 1$aGARCIA QUINTELA,$bMarco V. 801 0$aIT$bsalbc$gISBD 912 $a990003042750203316 951 $aV.1.A. 533$b203376 L.M.$cV.1.A.$d00064838 959 $aBK 969 $aUMA 979 $aIANNONE$b90$c20080108$lUSA01$h1108 979 $aIANNONE$b90$c20110906$lUSA01$h1100 996 $aGeographica$913285 997 $aUNISA LEADER 01152nam a2200253 i 4500 001 991000136179707536 005 20020503114541.0 008 001014s1994 it ||| | ita 020 $a8877650478 035 $ab10035278-39ule_inst 035 $aocm00001487$9ExL 040 $aDip.to Beni Culturali$bita 100 1 $aBernabò Brea, Maria$0433969 245 13$aLe "terramare si scavano per concimare i prati..." :$bla nascita dell'archeologia preistorica a Parma nel dibattito culturale della seconda metà dell'Ottocento : catalogo /$ca cura di Maria Bernabò Brea e Angela Mutti 260 $aParma :$bSilva,$c1994 300 $a482 p. + repertorio bibliografico 500 $aCatalogo della mostra tenuta a Parma, MuseoArcheologico Nazionale dal 12 maggio al 30 novembre 1994. 700 1 $aMutti, Angela 907 $a.b10035278$b02-04-14$c31-05-02 912 $a991000136179707536 945 $aLE001 H1 129 4?$g1$i2001000015597$lle001$o-$pE0.00$q-$rl$s- $t0$u0$v0$w0$x0$y.i10038668$z31-05-02 996 $a"terramare si scavano per concimare i prati..."$9177579 997 $aUNISALENTO 998 $ale001$b01-01-00$cm$da $e-$fita$git $h3$i1